Komparácia medzinárodných osobných leteckých dopravcov z aspektu charakteru služieb a obchodného modelu
Význam leteckej dopravy. Základné prvky leteckej dopravy. Klasické a nízkonákladové letecké spoločnosti. Klasickí a nízkonákladoví leteckí prepravcovia v Európe podľa počtu prepravených cestujúcich. Komparácia obchodných modelov klasického a nízkonákladového prepravcu (Lufthansa a Ryanair). Vybrané...
Salvato in:
| Autore principale: | |
|---|---|
| Natura: | Capitolo di libro |
| Lingua: | slovacco |
| Soggetti: | |
| Tags: |
Nessun Tag, puoi essere il primo ad aggiungerne!!
|
MARC
| LEADER | 00000naa$a2200000$$$4500 | ||
|---|---|---|---|
| 001 | 0251388 | ||
| 005 | 20240502074031.3 | ||
| 041 | 0 | |a slo | |
| 044 | |a SK | ||
| 245 | 1 | 0 | |a Komparácia medzinárodných osobných leteckých dopravcov z aspektu charakteru služieb a obchodného modelu |c Alexander Frasch |
| 520 | |a Význam leteckej dopravy. Základné prvky leteckej dopravy. Klasické a nízkonákladové letecké spoločnosti. Klasickí a nízkonákladoví leteckí prepravcovia v Európe podľa počtu prepravených cestujúcich. Komparácia obchodných modelov klasického a nízkonákladového prepravcu (Lufthansa a Ryanair). Vybrané ekonomické ukazovatele leteckých prepravcov Lufthansa a Ryanair. Komparácia charakteru služieb (ponúkaných balíčkov) Ryanairu a Lufthansy. Hodnotenie leteckých spoločností Skytrax 2018. | ||
| 610 | 2 | 0 | |a doprava letecká |
| 610 | 2 | 0 | |a doprava letecká osobná |
| 610 | 2 | 0 | |a doprava letecká medzinárodná |
| 610 | 2 | 0 | |a služby |
| 610 | 2 | 0 | |a zákazníci |
| 610 | 2 | 0 | |a spoločnosti letecké |
| 610 | 2 | 0 | |a náklady |
| 610 | 2 | 0 | |a ukazovatele ekonomické |
| 100 | 1 | |a Frasch, Alexander, 1992- | |